Biblioteka Instytutu Północnego w Olsztynie

Protokoły wizytacji kanonicznych przeprowadzonych przez biskupa lubelskiego Stefana Wyszyńskiego w parafiach na terenach obecnej diecezji zamojsko-lubaczowskiej 1946-1948 / (Rekord nr 27875)

Szczegóły MARC
000 -Nagłówek
fixed length control field 02909cam a2200589 i 4500
001 - Nr kontrolny bibl., która utworzyła rek.
control field xx004899333
003 - Siglum bibl., której nr kontr. jest w 001
control field NUKAT
005 - Data i czas ostatniej operacji
control field 20260429145123.0
008 - Elementy pola stałej długości
fixed length control field 200703s2020 pl a |001 0 pol c
020 ## - ISBN
ISBN 9788380988873
dopowiedzenie (oprawa twarda) :
warunki dostępności zł 35.00
035 ## - Systemowy numer kontrolny
systemowy numer kontrolny (OCoLC)1164130006
035 ## - Systemowy numer kontrolny
systemowy numer kontrolny (NUKAT)xx004899333
040 ## - Instytucja sporządzająca opis
Instytucja, która sporządziła opis KR 253/MD
język katalgowania-trzyzn. kod pol
zasady opisu rda
Instytucja, która sporządziła rekord KR 253/MD
Instytucja, która zmodyfikowała rekord WA U/ISs
-- WR O/KBs
-- OLSZT 008/bak
045 2# - Okres czasu dla zawartości
czas między r. 9999 pne a nasz. czas. d1946
-- d1948
046 ## - Kod rodz. daty, data1, data2 (daty pne)
Begin/single date 2020
Single or starting date for aggregated content 1946
Ending date for aggregated content 1948
245 00 - Tytuł właściwy i oznaczenie odpow.
tytuł Protokoły wizytacji kanonicznych przeprowadzonych przez biskupa lubelskiego Stefana Wyszyńskiego w parafiach na terenach obecnej diecezji zamojsko-lubaczowskiej 1946-1948 /
dod. inf. ze s. tyt./ozn. odpow. zebrał, opracował i wstępem poprzedził bp Mariusz Leszczyński ; Instytut Pamięci Narodowej. Komisja Ścigania Zbrodni Przeciwko Narodowi Polskiemu.
260 ## - Adres wydawniczy
miejsce wydania, dystrybucji itp. Warszawa :
nazwa wydawcy, dystrybutora itp. Instytut Pamięci Narodowej. Komisja Ścigania Zbrodni Przeciwko Narodowi Polskiemu,
data wydania, dystrybucji itp. 2020.
300 ## - Opis fizyczny
objętość i/lub forma materiału 335, [1] strona :
inne szczegóły opisu fizycznego ilustracje ;
format 21 cm.
336 ## - Content Type
Term Tekst
Code txt
Source rdacontent
337 ## - Media Type
Term Bez urządzenia pośredniczącego
Code n
Source rdamedia
338 ## - Carrier Type
Term Wolumin
Code nc
Source rdacarrier
380 ## - Form of work
Form of work Książki
380 ## - Form of work
Form of work Publikacje naukowe
388 1# - TIME PERIOD OF CREATION
Time period of creation term 1901-2000
388 1# - TIME PERIOD OF CREATION
Time period of creation term 1945-1989
388 1# - TIME PERIOD OF CREATION
Time period of creation term 2001-
490 1# - Tytuł serii i ks. wielotom.-nie do wysz.
oznaczenie serii Biskupi w Realiach Komunistycznej Władzy
490 1# - Tytuł serii i ks. wielotom.-nie do wysz.
oznaczenie serii Centralny Projekt Badawczy IPN - Władze Komunistyczne wobec Kościołów i Związków Wyznaniowych w Polsce 1944-1989
504 ## - Uwaga o bibliografii
uwaga o bibliografii Bibliografia na stronach 308-321. Indeksy.
600 07 - Hasło przedmiotowe-nazwa osobowa
nazwa osobowa Stefan Wyszyński
tyt., in. dopowiedz. dot. nazwy (błogosławiony ;
daty biograficzne 1901-1981)
źródło hasła DBN
9 (RLIN) 39675
610 27 - Hasło przedmiotowe-nazwa ciała zbior.
nazwa ciała zbior. lub geogr. Kościół katolicki
źródło hasła DBN
9 (RLIN) 37102
610 27 - Hasło przedmiotowe-nazwa ciała zbior.
nazwa ciała zbior. lub geogr. Ecclesia Catholica.
nazwa jednostki podrzędnej Diecezja Zamojsko-Lubaczowska
określnik rzeczowy historia
określnik formy źródła.
źródło hasła kaba
9 (RLIN) 40920
648 #7 - SUBJECT ADDED ENTRY--CHRONOLOGICAL TERM
Chronological term 1901-2000
Source of heading or term DBN
9 (RLIN) 34996
648 #7 - SUBJECT ADDED ENTRY--CHRONOLOGICAL TERM
Chronological term 1945-1989
Source of heading or term DBN
9 (RLIN) 36043
650 #7 - Hasło przedmiotowe-nazwa pospolita
nazwa pospolita lub geogr. Biskupi
źródło hasła DBN
9 (RLIN) 35374
650 #7 - Hasło przedmiotowe-nazwa pospolita
nazwa pospolita lub geogr. Duchowieństwo katolickie
źródło hasła DBN
9 (RLIN) 35375
650 #7 - Hasło przedmiotowe-nazwa pospolita
nazwa pospolita lub geogr. Parafie
źródło hasła DBN
9 (RLIN) 35432
650 #7 - Hasło przedmiotowe-nazwa pospolita
nazwa pospolita lub geogr. Wizytacja biskupia
źródło hasła DBN
9 (RLIN) 40921
650 #7 - Hasło przedmiotowe-nazwa pospolita
nazwa pospolita lub geogr. Wizytacje kanoniczne
określnik geograficzny Polska
-- Zamość (województwo lubelskie ; region)
określnik chronologiczny 1945-1970
określnik formy źródła.
źródło hasła kaba
9 (RLIN) 40922
650 #7 - Hasło przedmiotowe-nazwa pospolita
nazwa pospolita lub geogr. Wizytacje kanoniczne
określnik geograficzny Polska
-- Lubaczów (region)
określnik chronologiczny 1945-1970
określnik formy źródła.
źródło hasła kaba
9 (RLIN) 40923
651 #7 - Hasło przedmiotowe-nazwa geogr.
nazwa geograficzna Diecezja zamojsko-lubaczowska (obszar)
źródło hasła DBN
9 (RLIN) 40924
655 #7 - Termin określający rodzaj/formę
rodzaj/forma Protokoły
źródło terminu DBN
9 (RLIN) 40545
655 #7 - Termin określający rodzaj/formę
rodzaj/forma Wydawnictwo źródłowe
źródło terminu DBN
9 (RLIN) 35066
658 ## - Nazwa określająca cel programu nauczania
główny cel programu nauczania Historia
658 ## - Nazwa określająca cel programu nauczania
główny cel programu nauczania Religia i duchowość
700 1# - Hasło dodatkowe - nazwa osobowa
nazwa osobowa Leszczyński, Mariusz
daty biograficzne (1957- ).
rodzaj współpracy Redakcja
-- Wstęp
9 (RLIN) 17403
710 2# - Hasło dodatkowe - nazwa ciała zbior.
nazwa ciała zbior. lub nazwa geogr. Instytut Pamięci Narodowej - Komisja Ścigania Zbrodni przeciwko Narodowi Polskiemu.
rodzaj współpracy Instytucja sprawcza
-- Wydawca
kod rodzaju współpracy pbl
9 (RLIN) 11792
830 #0 - Hasło dod. serii i op. ks. wielotom. -tyt
tytuł Biskupi w Realiach Komunistycznej Władzy
9 (RLIN) 16421
830 #0 - Hasło dod. serii i op. ks. wielotom. -tyt
tytuł Władze Komunistyczne wobec Kościołów i Związków Wyznaniowych w Polsce 1944-1989
9 (RLIN) 18363
920 ## - ISBN
ISBN 978-83-8098-887-3 (oprawa twarda) : zł 35.00
942 ## - ADDED ENTRY ELEMENTS (KOHA)
Source of classification or shelving scheme Dewey Decimal Classification
Koha item type pozycje dostępne na miejscu
Egzemplarze
Status wycofania Status zagubienia Klasyfikacja Status uszkodzenia Blokada wypożyczeń Kolekcja Lokalizacja macierzysta Lokalizacja bieżąca Data nabycia Numer akcesji Źródło akcesji Cena Nr inwentarzowy il. wypożyczeń Sygnatura Kod kreskowy Date last seen Price effective from Typ egz.
    Dewey Decimal Classification nieuszkodzona   książka w magazynie Biblioteka Instytutu Północnego w Olsztynie Biblioteka Instytutu Północnego w Olsztynie 30/11/2020 D-36/2020 dar 35.00 59978   59978 IPWK24082 29/04/2026 29/04/2026 pozycje dostępne na miejscu
Biblioteka Instytutu Północnego, ul. Partyzantów 87, 10-402 Olsztyn, email: biblioteka(at)ip.olsztyn.pl